Прогрев тел под действием лучистого тепла; Известия Томского политехнического университета [Известия ТПУ]; Т. 306, № 7

Bibliographic Details
Parent link:Известия Томского политехнического университета [Известия ТПУ]/ Томский политехнический университет (ТПУ).— , 2000-
Т. 306, № 7.— 2003.— [С. 132-138]
Main Author: Бойков Г. П.
Summary:Заглавие с титульного листа
Электронная версия печатной публикации
Из журнала "Известия Томского политехнического института". - 1957. - Т. 89. - С. 33-42; 1957. - Т. 89. - С. 43-53.
Рассматривается прогрев тел классической формы при граничном условии типа 2-го рода, когда теплообмен происходит по закону Стефана-Больцмана, и лучистый поток симметричен.
Language:Russian
Published: 2003
Series:Избранные статьи из фондов журнала
Технические науки
Subjects:
Online Access:http://www.lib.tpu.ru/fulltext/v/Bulletin_TPU/2003/v306/i7/25.pdf
Format: MixedMaterials Electronic Book Chapter
KOHA link:https://koha.lib.tpu.ru/cgi-bin/koha/opac-detail.pl?biblionumber=168247

MARC

LEADER 00000nla2a2200000 4500
001 168247
005 20231031163039.0
035 |a (RuTPU)RU\TPU\book\182542 
035 |a RU\TPU\book\182537 
090 |a 168247 
100 |a 20091026d2003 k y0rusy50 ca 
101 0 |a rus 
102 |a RU 
135 |a drnn ---uucaa 
181 0 |a i  
182 0 |a b 
200 1 |a Прогрев тел под действием лучистого тепла  |b Электронный ресурс  |f Г. П. Бойков 
203 |a Текст  |c электронный 
215 |a 1 файл (1.5 Мб) 
225 1 |a Избранные статьи из фондов журнала 
225 1 |a Технические науки 
230 |a Электронные текстовые данные (1 файл : 1.5 Мб) 
300 |a Заглавие с титульного листа 
300 |a Электронная версия печатной публикации 
300 |a Из журнала "Известия Томского политехнического института". - 1957. - Т. 89. - С. 33-42; 1957. - Т. 89. - С. 43-53. 
320 |a [Библиогр.: с. 138 (12 назв.)] 
330 |a Рассматривается прогрев тел классической формы при граничном условии типа 2-го рода, когда теплообмен происходит по закону Стефана-Больцмана, и лучистый поток симметричен. 
337 |a Adobe Reader 
461 1 |0 (RuTPU)RU\TPU\book\176237  |t Известия Томского политехнического университета [Известия ТПУ]  |f Томский политехнический университет (ТПУ)  |d 2000- 
463 1 |0 (RuTPU)RU\TPU\book\182431  |t Т. 306, № 7  |v [С. 132-138]  |d 2003  |p 222 с. 
610 1 |a труды учёных ТПУ 
610 1 |a электронный ресурс 
610 1 |a лучистое тепло 
610 1 |a прогрев 
610 1 |a прогретые тела 
610 1 |a теплообмен 
610 1 |a закон Стефана-Больцмана 
610 1 |a лучистый прогрев 
610 1 |a лучистый теплообмен 
610 1 |a лучистые потоки 
700 1 |a Бойков  |b Г. П. 
801 1 |a RU  |b 63413507  |c 20090623  |g PSBO 
801 2 |a RU  |b 63413507  |c 20131014  |g PSBO 
856 4 |u http://www.lib.tpu.ru/fulltext/v/Bulletin_TPU/2003/v306/i7/25.pdf 
942 |c CF